书目信息 |
| 书名: | Invisible Indians | |
| 作者: | David Arv Bragi. | |
| 分册号: | ||
| 分册名: | 出版地: | Tucson, Ariz. : |
|
| 出版社: | Grail Media | |
| 出版时间: | c2005. | |
| 页数: | 233 p. : | |
| 开本: | 23 cm. | |
| 丛书名: | ||
| 中图分类号: | ||
| 科图分类号: | ||
| 其他分类号: | D771.2 | |
| 主题词: | ||
| 电子资源: | ||
| 000 | 01198cam a22003134a 450 | |
| 001 | E0741461393 | |
| 005 | 20070710113308.20 | |
| 008 | 050803s2005 azua b 000 0 eng | |
| 010 | @a2005931755 | |
| 020 | @a1411642597. | |
| 040 | @aDLC@cDLC@dDLC | |
| 042 | @apcc | |
| 043 | @an-us--- | |
| 050 | 00 | @aE98.M63@bB74 2005 |
| 082 | 00 | @a973.04/97@2 22 |
| 090 | @aD771.2 | |
| 099 | @dD771.2@ex168 | |
| 100 | 1 | @aBragi, David Arv. |
| 245 | 10 | @aInvisible Indians :@bmixed-blood Native Americans who are not enrolled in federally recognized tribes / @cDavid Arv Bragi. |
| 250 | @a1st ed. | |
| 260 | @aTucson, Ariz. :@bGrail Media ;@a[United States?] :@bDistributed by Lulu, Inc.,@cc2005. | |
| 300 | @a233 p. :@bill. ;@c23 cm. | |
| 504 | @aIncludes bibliographical references (p. 231-233). | |
| 650 | 0 | @aIndians of North America@xTribal citizenship. |
| 650 | 0 | @aFederally recognized Indian tribes@zNorth America. |
| 650 | 0 | @aIndians of North America@xMixed descent. |
| 906 | @a7@bcbc@corignew@d2@eepcn@f20@gy-gencatlg | |
| 925 | 0 | @aacquire@b1 shelf copies@xpolicy default |
| 955 | @apc14 2005-08-03@csf03 2006-01-25@dsf12 2006-03-22@esf04 2006-03-22 to Dewey@aaa23 2006-04-07 | |
| Invisible Indians : : mixed-blood Native Americans who are not enrolled in federally recognized tribes / / David Arv Bragi.-1st ed.-Tucson, Ariz. : : Grail Media ; ; [United States?] : : Distributed by Lulu, Inc., , c2005. |
| 233 p. : : ill. ; ; 23 cm. |
| Includes bibliographical references (p. 231-233). |
| ISBN 1411642597. |
| ● |
| 相关链接 |
|
|
|
|
正题名:Invisible Indians
索取号:D771.2/x168
 
预约/预借
| 序号 | 登录号 | 条形码 | 馆藏地/架位号 | 状态 | 备注 |
| 1 | 11645 | 300116452 | 第二样本阅览室/ [索取号:D771.2/x168] | 在馆 |